An introduction to mathematical biology / (Record no. 29703)

000 -LEADER
fixed length control field 00702 a2200181 4500
020 ## - INTERNATIONAL STANDARD BOOK NUMBER
International Standard Book Number 0130352160
020 ## - INTERNATIONAL STANDARD BOOK NUMBER
International Standard Book Number 9780130352163
082 ## - DEWEY DECIMAL CLASSIFICATION NUMBER
Classification number 570.15118
090 ## - LOCALLY ASSIGNED LC-TYPE CALL NUMBER (OCLC); LOCAL CALL NUMBER (RLIN)
-- 1086
-- 1086
100 1# - MAIN ENTRY--PERSONAL NAME
Personal name Allen, Linda J.S.
245 13 - TITLE STATEMENT
Title An introduction to mathematical biology /
Statement of responsibility, etc. Linda J.S. Allen.
260 ## - PUBLICATION, DISTRIBUTION, ETC.
Place of publication, distribution, etc. [S.l.] :
Name of publisher, distributor, etc. Prentice Hall,
Date of publication, distribution, etc. 2007.
300 ## - PHYSICAL DESCRIPTION
Extent 368 p. ;
Dimensions 26 cm.
700 ## - ADDED ENTRY--PERSONAL NAME
Personal name Allen, Linda J.S.
942 ## - ADDED ENTRY ELEMENTS (KOHA)
Institution code [OBSOLETE] SNS
Koha item type Book
Call number prefix 570.15118 ALL
Holdings
Withdrawn status Lost status Damaged status Not for loan Permanent Location Current Location Date acquired Total Checkouts Full call number Barcode Date last seen Price effective from Koha item type
        School of Natural Sciences (SNS) School of Natural Sciences (SNS) 05/26/2016   570.15118 ALL SNS0001522 01/03/2022 05/26/2016 Book
        School of Natural Sciences (SNS) School of Natural Sciences (SNS) 05/26/2016   570.15118 ALL SNS0001523 05/26/2016 05/26/2016 Book
© 2023 Central Library, National University of Sciences and Technology. All Rights Reserved.